[Event "Titled Tuesday intern op 13th Aug Late"]
[Site "Chess.com INT"]
[Date "2024.08.13"]
[Round "4"]
[White "Yedidia, Daniel"]
[Black "Huang, Youhe"]
[Result "0-1"]
[WhiteElo "2056"]
[BlackElo "2048"]
[PlyCount "112"]
[EventDate "2024.08.13"]
[EventType "swiss (blitz)"]
[EventRounds "11"]
[EventCountry "USA"]
[SourceTitle "EXT 2025"]
[Source "ChessBase"]
[SourceDate "2024.10.14"]
[SourceVersion "1"]
[SourceVersionDate "2024.10.14"]
[SourceQuality "1"]

1. d4 Nf6 2. c4 e6 3. Nc3 Nc6 4. e4 d6 5. Bd3 g6 6. f4 Nxd4 7. Be3 Nc6 8. Nf3 Bg7 9. h3 0-0 10. 0-0 Nd7 11. Bc2 b6 12. Qe1 Ba6 13. Ba4 Nb4 14. Nb5 Nd3 15. Qd2 Nxb2 16. Bb3 Nc5 17. Qc2 Nbd3 18. Rad1 Nb4 19. Qb1 Qe7 20. Nbd4 Nxb3 21. axb3 Bb7 22. f5 exf5 23. Bg5 f6 24. Bh4 Qxe4 25. Qc1 Qe7 26. Rfe1 Be4 27. Qc3 a5 28. Bf2 Rae8 29. Nb5 Qf7 30. Nfd4 g5 31. Qb2 Qg6 32. Qc3 g4 33. hxg4 fxg4 34. Nxc7 Rc8 35. Nce6 Rfe8 36. Nf4 Qg5 37. Nde6 Qf5 38. Qe3 Rxe6 39. Nxe6 Qxe6 40. Qe2 f5 41. Bxb6 Bc3 42. Rf1 Re8 43. Bxa5 Bd3 44. Qxe6+ Rxe6 45. Rxd3 Nxd3 46. Bxc3 f4 47. b4 Re2 48. b5 Rc2 49. Bd4 Rxc4 50. Ba7 Rb4 51. b6 Rb2 52. Rd1 Ne5 53. Rxd6 f3 54. gxf3 Nxf3+ 55. Kf1 g3 56. b7 g2# 0-1

[Event "Titled Tuesday intern op 13th Aug Late"]
[Site "Chess.com INT"]
[Date "2024.08.13"]
[Round "1"]
[White "Yedidia, Daniel"]
[Black "Lima, Valdenicio Marcelin"]
[Result "1-0"]
[WhiteElo "2056"]
[BlackElo "1971"]
[PlyCount "67"]
[EventDate "2024.08.13"]
[EventType "swiss (blitz)"]
[EventRounds "11"]
[EventCountry "USA"]
[SourceTitle "EXT 2025"]
[Source "ChessBase"]
[SourceDate "2024.10.14"]
[SourceVersion "1"]
[SourceVersionDate "2024.10.14"]
[SourceQuality "1"]

1. d4 Nf6 2. c4 g6 3. Nc3 Bg7 4. e4 d6 5. Nf3 0-0 6. Be2 a5 7. 0-0 Na6 8. Be3 c5 9. d5 Nc7 10. Ne1 Bd7 11. f4 Rb8 12. a4 Na6 13. Nd3 Nb4 14. Bf3 Ne8 15. e5 b6 16. exd6 Nxd6 17. Ne5 Bf5 18. Rc1 Bxe5 19. fxe5 Nxc4 20. Bh6 Nd3 21. Bxf8 Qxf8 22. e6 fxe6 23. dxe6 Ne3 24. Qe2 Nxc1 25. Rxc1 Nc4 26. Qxc4 Rd8 27. Re1 Qf6 28. b3 Rd4 29. Qe2 Rb4 30. Nd5 Qd4+ 31. Kh1 Rxb3 32. Nxe7+ Kg7 33. Nxf5+ gxf5 34. e7 1-0

[Event "Titled Tuesday intern op 25th Jun Late"]
[Site "Chess.com INT"]
[Date "2024.06.25"]
[Round "2"]
[White "Szente Varga, Fruzsina"]
[Black "Yedidia, Daniel"]
[Result "0-1"]
[WhiteElo "2059"]
[BlackElo "2056"]
[PlyCount "154"]
[EventDate "2024.06.25"]
[EventType "swiss (blitz)"]
[EventRounds "11"]
[EventCountry "USA"]
[SourceTitle "EXT 2025"]
[Source "ChessBase"]
[SourceDate "2024.10.14"]
[SourceVersion "1"]
[SourceVersionDate "2024.10.14"]
[SourceQuality "1"]

1. e4 e5 2. Nf3 Nc6 3. Bb5 a6 4. Ba4 Nf6 5. 0-0 Be7 6. c3 Nxe4 7. Bxc6 dxc6 8. d3 Nc5 9. Nxe5 0-0 10. d4 Nd7 11. f4 c5 12. d5 Nb6 13. c4 f6 14. Nd3 Nxc4 15. Qb3 Nd6 16. Nxc5 Qe8 17. Nc3 Kh8 18. Bd2 Qg6 19. Ne6 Bxe6 20. dxe6 c6 21. Rae1 Rae8 22. Qa4 Qd3 23. Ne4 Nxe4 24. Qxe4 Qxd2 25. f5 Qb4 26. Qc2 Qc5+ 27. Qxc5 Bxc5+ 28. Kh1 g6 29. g4 h5 30. h3 hxg4 31. hxg4 Kg7 32. Kg2 Re7 33. Rd1 g5 34. Rf3 Rfe8 35. Rfd3 Kf8 36. Rh3 Kg7 37. Rdh1 Rg8 38. Rd3 Kf8 39. Rd8+ Kg7 40. Rd3 Rh8 41. Rhd1 Rh4 42. Kg3 Bb6 43. Rd7 Kf8 44. Rxe7 Kxe7 45. Rd7+ Ke8 46. Rxb7 Bd4 47. b3 Be5+ 48. Kf3 Rh3+ 49. Ke4 Rg3 50. Ra7 Rxg4+ 51. Kd3 Rd4+ 52. Kc3 a5 53. Kc2 Rf4 54. Rxa5 Rxf5 55. Ra8+ Ke7 56. a4 Kxe6 57. a5 Rf2+ 58. Kd3 Rb2 59. Kc4 Rc2+ 60. Kd3 Rc3+ 61. Ke4 Rxb3 62. Re8+ Kd7 63. Rf8 Ke7 64. Rc8 Rb4+ 65. Kf5 Rf4+ 66. Kg6 Kd7 67. Ra8 g4 68. a6 Ra4 69. Ra7+ Ke6 70. Ra8 Kd5 71. Rd8+ Ke4 72. Kh5 g3 73. Rg8 Rxa6 74. Rg4+ Kf3 75. Rg6 g2 76. Kh4 Ra1 77. Kh5 Rh1# 0-1

[Event "Titled Tuesday intern op 18th Jun Late"]
[Site "Chess.com INT"]
[Date "2024.06.18"]
[Round "4"]
[White "Ashraf, Artin"]
[Black "Yedidia, Daniel"]
[Result "1-0"]
[WhiteElo "2391"]
[BlackElo "2056"]
[PlyCount "65"]
[EventDate "2024.06.18"]
[EventType "swiss (blitz)"]
[EventRounds "11"]
[EventCountry "USA"]
[SourceTitle "EXT 2025"]
[Source "ChessBase"]
[SourceDate "2024.10.14"]
[SourceVersion "1"]
[SourceVersionDate "2024.10.14"]
[SourceQuality "1"]

1. e4 e5 2. Bc4 Nf6 3. d3 Be7 4. Nf3 Nc6 5. 0-0 0-0 6. c3 d6 7. Nbd2 Na5 8. Bb5 a6 9. Ba4 b5 10. Bc2 c5 11. Re1 Nc6 12. Nf1 Qc7 13. Ng3 Bd7 14. h3 Rfd8 15. Be3 b4 16. c4 Nd4 17. Nxd4 cxd4 18. Bd2 a5 19. Ba4 Be6 20. f4 Bc8 21. Rf1 Nd7 22. Bxd7 Bxd7 23. f5 f6 24. Nh1 Be8 25. g4 Rdb8 26. h4 Qd8 27. Rf2 Rb7 28. Rg2 a4 29. Rc1 Bc6 30. g5 a3 31. b3 Rab8 32. Nf2 Be8 33. Kh2 1-0

[Event "Titled Tuesday intern op 18th Jun Late"]
[Site "Chess.com INT"]
[Date "2024.06.18"]
[Round "6"]
[White "Bardyk, Artem"]
[Black "Yedidia, Daniel"]
[Result "1/2-1/2"]
[WhiteElo "2268"]
[BlackElo "2056"]
[PlyCount "84"]
[EventDate "2024.06.18"]
[EventType "swiss (blitz)"]
[EventRounds "11"]
[EventCountry "USA"]
[SourceTitle "EXT 2025"]
[Source "ChessBase"]
[SourceDate "2024.10.14"]
[SourceVersion "1"]
[SourceVersionDate "2024.10.14"]
[SourceQuality "1"]

1. e4 e5 2. Nf3 Nc6 3. Nc3 Nf6 4. a4 Be7 5. d4 exd4 6. Nxd4 0-0 7. Nxc6 dxc6 8. Qxd8 Rxd8 9. f3 Be6 10. Be3 Nd7 11. Kf2 a6 12. Be2 b5 13. axb5 cxb5 14. Rhd1 Nc5 15. Nd5 Bxd5 16. Rxd5 Rxd5 17. exd5 Rd8 18. b4 Na4 19. c4 Bxb4 20. cxb5 axb5 21. Bxb5 Nc3 22. Bc6 h6 23. Ra8 Rxa8 24. Bxa8 Nd1+ 25. Ke2 Nxe3 26. d6 Bxd6 27. Kxe3 Bxh2 28. f4 Bg1+ 29. Kf3 Bb6 30. g4 Kf8 31. Ke4 Ke7 32. Bd5 g6 33. f5 h5 34. fxg6 fxg6 35. gxh5 gxh5 36. Kf3 h4 37. Kg2 Kd6 38. Bf3 Ke5 39. Be2 Kd4 40. Kh1 Ke3 41. Ba6 c5 42. Bb5 Kd4 1/2-1/2

[Event "Titled Tuesday intern op 10th Oct Early"]
[Site "Chess.com INT"]
[Date "2023.10.10"]
[Round "4"]
[White "Yedidia, Daniel"]
[Black "Danielyan, Vahe"]
[Result "0-1"]
[WhiteElo "2056"]
[BlackElo "2317"]
[PlyCount "83"]
[EventDate "2023.10.10"]
[EventType "swiss (blitz)"]
[EventRounds "11"]
[EventCountry "USA"]
[SourceTitle "EXT 2025"]
[Source "ChessBase"]
[SourceDate "2024.10.14"]
[SourceVersion "1"]
[SourceVersionDate "2024.10.14"]
[SourceQuality "1"]

1. d4 Nf6 2. c4 e6 3. Nc3 Bb4 4. e3 0-0 5. Bd3 Re8 6. Nf3 Bxc3+ 7. bxc3 d6 8. 0-0 e5 9. Nd2 e4 10. Bc2 Bf5 11. Rb1 b6 12. h3 Nbd7 13. f4 h5 14. Qe1 g6 15. Qf2 Kg7 16. Kh2 Qe7 17. Re1 Rh8 18. Ba3 Rh7 19. Ba4 Rah8 20. Kg1 Ng4 21. Qe2 Qh4 22. Nf1 Ndf6 23. c5 d5 24. cxb6 axb6 25. Be7 Nh6 26. Bc6 Be6 27. Qf2 Qxf2+ 28. Kxf2 Nf5 29. Bb4 h4 30. a4 Bd7 31. Bxd7 Nxd7 32. a5 Ra8 33. Ra1 c5 34. dxc5 bxc5 35. Ba3 Rxa5 36. Bb2 Rb5 37. Reb1 c4 38. Ba3 Rxb1 39. Rxb1 Rh8 40. Rb7 Nf6 41. Nd2 Ra8 42. Ke2 0-1

[Event "Titled Tuesday intern op 26th Sep Late"]
[Site "Chess.com INT"]
[Date "2023.09.26"]
[Round "3"]
[White "Yedidia, Daniel"]
[Black "Barwinska, Ewa"]
[Result "1-0"]
[WhiteElo "2056"]
[BlackElo "2030"]
[PlyCount "51"]
[EventDate "2023.09.26"]
[EventType "swiss (blitz)"]
[EventRounds "11"]
[EventCountry "USA"]
[SourceTitle "EXT 2024"]
[Source "ChessBase"]
[SourceDate "2023.10.10"]
[SourceVersion "1"]
[SourceVersionDate "2023.10.10"]
[SourceQuality "1"]

1. d4 d5 2. c4 e6 3. Nc3 Nf6 4. cxd5 exd5 5. Bg5 c6 6. e3 Bd6 7. Bd3 Nbd7 8. Nge2 Nf8 9. Qc2 Ng6 10. 0-0-0 b5 11. h4 Nf8 12. Nxb5 cxb5 13. Qc6+ Bd7 14. Qxd6 Rc8+ 15. Kb1 Ne6 16. Rc1 h6 17. Rxc8 Bxc8 18. Bxb5+ Bd7 19. Bxf6 gxf6 20. Qxd5 Rg8 21. Qxd7+ Qxd7 22. Bxd7+ Kxd7 23. g3 Kd6 24. Rc1 Nc7 25. Nc3 Nd5 26. Ne4+ 1-0

[Event "Titled Tuesday intern op 15th Aug Late"]
[Site "Chess.com INT"]
[Date "2023.08.15"]
[Round "3"]
[White "Gao, Raymond"]
[Black "Yedidia, Daniel"]
[Result "0-1"]
[WhiteElo "1938"]
[BlackElo "2056"]
[PlyCount "48"]
[EventDate "2023.08.15"]
[EventType "swiss (blitz)"]
[EventRounds "11"]
[EventCountry "USA"]
[SourceTitle "EXT 2024"]
[Source "ChessBase"]
[SourceDate "2023.10.10"]
[SourceVersion "1"]
[SourceVersionDate "2023.10.10"]
[SourceQuality "1"]

1. e4 e5 2. Nf3 Nc6 3. Bc4 Nf6 4. d3 Be7 5. 0-0 0-0 6. a4 d6 7. a5 a6 8. Nc3 Be6 9. h3 Qd7 10. Re1 Rad8 11. Bg5 h6 12. Bxf6 Bxf6 13. Nd5 Bg5 14. Nxg5 hxg5 15. Qd2 f6 16. Qc3 Bf7 17. Ne3 Nd4 18. Qd2 c6 19. c3 Ne6 20. b4 Nf4 21. Nf5 d5 22. Bb3 dxe4 23. Bxf7+ Rxf7 24. Rxe4 Qxf5 0-1

[Event "Titled Tuesday intern op 08th Aug Late"]
[Site "Chess.com INT"]
[Date "2023.08.08"]
[Round "1"]
[White "Yedidia, Daniel"]
[Black "Talibov, Shiroghlan"]
[Result "0-1"]
[WhiteElo "2056"]
[BlackElo "2337"]
[PlyCount "80"]
[EventDate "2023.08.08"]
[EventType "swiss (blitz)"]
[EventRounds "11"]
[EventCountry "USA"]
[SourceTitle "EXT 2024"]
[Source "ChessBase"]
[SourceDate "2023.10.10"]
[SourceVersion "1"]
[SourceVersionDate "2023.10.10"]
[SourceQuality "1"]

1. d4 Nf6 2. c4 e6 3. Nc3 Nc6 4. Nf3 Bb4 5. Bg5 h6 6. Bh4 g5 7. Bg3 Ne4 8. Qc2 d5 9. e3 h5 10. Ne5 Nxe5 11. Bxe5 f6 12. f3 fxe5 13. fxe4 exd4 14. exd4 dxc4 15. 0-0-0 Bd7 16. Bxc4 Qe7 17. Qb3 0-0-0 18. Rhf1 Rhf8 19. Kb1 Kb8 20. a3 Ba5 21. e5 Bb6 22. Rxf8 Rxf8 23. Ne4 Bc6 24. Nf6 Bxg2 25. Bxe6 Rxf6 26. exf6 Qxf6 27. Bh3 Be4+ 28. Ka1 a5 29. d5 Ka7 30. Be6 Qf2 31. d6 Bc2 32. Qd5 c6 33. Qd2 Bxd1 34. Qxd1 Qxh2 35. d7 Qe5 36. Bh3 g4 37. d8Q Bxd8 38. Qxd8 gxh3 39. Qh4 h2 40. Ka2 Qd5+ 0-1

[Event "Titled Tuesday intern op 01st Aug Late"]
[Site "Chess.com INT"]
[Date "2023.08.01"]
[Round "5"]
[White "Yedidia, Daniel"]
[Black "Lopez Gracia, Fernando"]
[Result "0-1"]
[WhiteElo "2056"]
[BlackElo "2252"]
[PlyCount "70"]
[EventDate "2023.08.01"]
[EventType "swiss (blitz)"]
[EventRounds "11"]
[EventCountry "USA"]
[SourceTitle "EXT 2024"]
[Source "ChessBase"]
[SourceDate "2023.10.10"]
[SourceVersion "1"]
[SourceVersionDate "2023.10.10"]
[SourceQuality "1"]

1. d4 f6 2. e4 c5 3. Nf3 cxd4 4. Nxd4 e5 5. Nf3 Nc6 6. Bc4 Bc5 7. Bxg8 Rxg8 8. Qd5 Bb4+ 9. c3 Ne7 10. Qc4 Ba5 11. 0-0 Bb6 12. Rd1 Qc7 13. Qe2 d6 14. Na3 Be6 15. Nb5 Qc6 16. Nxd6+ Kf8 17. Nxe5 fxe5 18. Qf3+ Nf5 19. Nxf5 Bxf5 20. Qxf5+ Qf6 21. Qxf6+ gxf6 22. Bh6+ Ke8 23. Rd6 Rg6 24. Bd2 Ke7 25. Rd3 Rag8 26. g3 h5 27. Kf1 h4 28. Ke2 hxg3 29. Rxg3 Rg4 30. Kf3 Rxg3+ 31. hxg3 Ke6 32. Rd1 f5 33. Be1 Rf8 34. exf5+ Kxf5 35. Rd7 Ke6+ 0-1

[Event "Titled Tuesday intern op 11th Jul Late"]
[Site "Chess.com INT"]
[Date "2023.07.11"]
[Round "2"]
[White "Yedidia, Daniel"]
[Black "Georg, Heinz"]
[Result "1-0"]
[WhiteElo "2056"]
[BlackElo "2118"]
[PlyCount "93"]
[EventDate "2023.07.11"]
[EventType "swiss (blitz)"]
[EventRounds "11"]
[EventCountry "USA"]
[SourceTitle "EXT 2024"]
[Source "ChessBase"]
[SourceDate "2023.10.10"]
[SourceVersion "1"]
[SourceVersionDate "2023.10.10"]
[SourceQuality "1"]

1. d4 e6 2. c4 f5 3. g3 Nf6 4. Bg2 Be7 5. Nh3 0-0 6. 0-0 d6 7. Nc3 c6 8. Nf4 Qc7 9. e4 e5 10. Nfe2 fxe4 11. dxe5 dxe5 12. Nxe4 Bf5 13. N2c3 Nbd7 14. Qe2 Nxe4 15. Nxe4 Nf6 16. Nxf6+ Bxf6 17. Be3 a5 18. Rac1 Rad8 19. Rfd1 Rxd1+ 20. Rxd1 Rd8 21. Rxd8+ Qxd8 22. Qd2 Qxd2 23. Bxd2 a4 24. Bc3 Kf7 25. Bf1 Ke6 26. f3 e4 27. Bxf6 gxf6 28. f4 Kd6 29. Kf2 Kc5 30. Ke3 Kb4 31. h3 a3 32. bxa3+ Kxa3 33. g4 Be6 34. Kxe4 Kxa2 35. c5 Kb3 36. Kd4 Kb4 37. f5 Bd5 38. h4 h6 39. Be2 Bf7 40. Bf3 Bc4 41. g5 fxg5 42. hxg5 hxg5 43. Bh5 Kb5 44. f6 b6 45. cxb6 c5+ 46. Kc3 g4 47. b7 1-0

[Event "Chicago op 32nd"]
[Site "Chicago"]
[Date "2023.05.26"]
[Round "3"]
[White "Yedidia, Daniel"]
[Black "Cordova, Emilio"]
[Result "0-1"]
[WhiteElo "2041"]
[BlackElo "2543"]
[PlyCount "82"]
[EventDate "2023.05.25"]
[EventType "swiss"]
[EventRounds "9"]
[EventCountry "USA"]
[SourceTitle "CBM 214 Extra"]
[Source "ChessBase"]
[SourceDate "2023.07.31"]
[SourceVersion "1"]
[SourceVersionDate "2023.07.31"]
[SourceQuality "1"]

1. d4 Nf6 2. c4 e6 3. Nc3 Bb4 4. e3 b6 5. Nge2 Ne4 6. Qc2 Bb7 7. a3 Bxc3+ 8. Nxc3 Nxc3 9. Qxc3 f5 10. b4 d6 11. Bb2 Nd7 12. c5 Bd5 13. c6 Nf6 14. f3 Nh5 15. 0-0-0 0-0 16. Kb1 Qe8 17. b5 a6 18. bxa6 Qc8 19. Bd3 Nf6 20. Rhe1 b5 21. Bxb5 Rxa6 22. Rc1 Rb6 23. Qa5 Qa8 24. Qxa8 Rxa8 25. a4 Bb3 26. e4 fxe4 27. fxe4 Bxa4 28. Bxa4 Rxa4 29. e5 dxe5 30. Rxe5 Kf7 31. Rc2 Rxd4 32. Kc1 Rf4 33. Re1 Nd5 34. Be5 Rf5 35. g4 Rf3 36. Rd1 Kg6 37. h4 h6 38. h5+ Kh7 39. Bd4 Ra6 40. Rc4 Rf4 41. Re1 Ra2 0-1

[Event "Titled Tuesday intern op 14th Mar Late"]
[Site "Chess.com INT"]
[Date "2023.03.14"]
[Round "1"]
[White "Yedidia, Daniel"]
[Black "Sailer, Mike L"]
[Result "0-1"]
[WhiteElo "2041"]
[BlackElo "2109"]
[PlyCount "82"]
[EventDate "2023.03.14"]
[EventType "swiss (blitz)"]
[EventRounds "11"]
[EventCountry "USA"]
[SourceTitle "EXT 2024"]
[Source "ChessBase"]
[SourceDate "2023.10.10"]
[SourceVersion "1"]
[SourceVersionDate "2023.10.10"]
[SourceQuality "1"]

1. d4 d5 2. c4 Bf5 3. Nc3 e6 4. Qb3 Nc6 5. Nf3 Bb4 6. Bf4 Nf6 7. e3 0-0 8. cxd5 exd5 9. a3 Bxc3+ 10. bxc3 Na5 11. Qb4 c6 12. Be2 Ne4 13. 0-0 b5 14. Ne5 f6 15. Nf3 Nc4 16. a4 a5 17. Qb3 Ned2 18. Nxd2 Nxd2 19. Qb2 Nxf1 20. Bxf1 bxa4 21. Rxa4 Rf7 22. h3 Qc8 23. Qa2 Rfa7 24. c4 Be6 25. c5 Qd8 26. Qb1 Qd7 27. Bd3 h6 28. Qd1 Bf5 29. Be2 Rb7 30. Kh2 Rb4 31. Ra1 a4 32. g4 Bg6 33. Ra3 Qb7 34. Bd3 Bxd3 35. Qxd3 Rb3 36. Rxb3 Qxb3 37. Qg6 Qb7 38. Bxh6 a3 39. g5 Qf7 40. Qf5 gxh6 41. gxf6 a2 0-1

[Event "Titled Tuesday intern op 14th Feb Late"]
[Site "Chess.com INT"]
[Date "2023.02.14"]
[Round "7"]
[White "Yedidia, Daniel"]
[Black "Ansh, M Shah"]
[Result "1-0"]
[WhiteElo "2041"]
[BlackElo "2178"]
[PlyCount "61"]
[EventDate "2023.02.14"]
[EventType "swiss (blitz)"]
[EventRounds "11"]
[EventCountry "USA"]
[SourceTitle "CBM 212 Extra"]
[Source "ChessBase"]
[SourceDate "2023.03.31"]
[SourceVersion "1"]
[SourceVersionDate "2023.03.31"]
[SourceQuality "1"]

1. d4 Nf6 2. c4 g6 3. Nc3 Bg7 4. e4 d6 5. Nf3 0-0 6. Be2 Nc6 7. 0-0 e5 8. Be3 Ng4 9. Bg5 Qd7 10. Nd5 h6 11. h3 hxg5 12. hxg4 Nxd4 13. Nxg5 Nxe2+ 14. Qxe2 Qxg4 15. Qxg4 Bxg4 16. Nxc7 Be2 17. Rfe1 Rac8 18. Nd5 Bxc4 19. Ne7+ Kh8 20. Nxc8 Rxc8 21. Rac1 Bh6 22. Nxf7+ Kg7 23. Nxh6 Kxh6 24. b3 Be6 25. Rxc8 Bxc8 26. Rd1 Bd7 27. Rxd6 Bc6 28. f3 Kg5 29. Re6 Kf4 30. Kf2 a5 31. Rxg6 1-0

[Event "Titled Tuesday intern op 07th Feb Late"]
[Site "Chess.com INT"]
[Date "2023.02.07"]
[Round "8"]
[White "Yedidia, Daniel"]
[Black "Smith, Garrett L"]
[Result "1-0"]
[WhiteElo "2041"]
[BlackElo "2047"]
[PlyCount "167"]
[EventDate "2023.02.07"]
[EventType "swiss (blitz)"]
[EventRounds "11"]
[EventCountry "USA"]
[SourceTitle "EXT 2024"]
[Source "ChessBase"]
[SourceDate "2023.10.10"]
[SourceVersion "1"]
[SourceVersionDate "2023.10.10"]
[SourceQuality "1"]

1. d4 Nf6 2. c4 g6 3. Nc3 d5 4. cxd5 Nxd5 5. Bd2 Bg7 6. e4 Nxc3 7. Bxc3 0-0 8. Qd2 c5 9. d5 Qd6 10. Nf3 Bxc3 11. bxc3 e6 12. c4 exd5 13. e5 Re8 14. Be2 Qc7 15. cxd5 Bg4 16. d6 Qc6 17. 0-0 Nd7 18. h3 Bxf3 19. Bxf3 Qa6 20. Rab1 Rab8 21. Be2 b5 22. f4 c4 23. Kh1 Qb6 24. Bf3 a5 25. Bd5 Qc5 26. Rbd1 c3 27. Qe2 Nb6 28. Bb3 a4 29. Bc2 Nc4 30. Rf3 Nxd6 31. Qd3 Nf5 32. Qxc3 Rec8 33. Qxc5 Rxc5 34. Bxf5 gxf5 35. Rg3+ Kf8 36. Rg5 b4 37. Rxf5 b3 38. axb3 axb3 39. Rd7 b2 40. Rfxf7+ Kg8 41. Rg7+ Kf8 42. Rdf7+ Ke8 43. e6 b1Q+ 44. Kh2 Qg6 45. Rxg6 hxg6 46. Rg7 Rb2 47. Rxg6 Ke7 48. Kg3 Rcc2 49. Kf3 Rf2+ 50. Ke4 Rxg2 51. Rh6 Rb5 52. f5 Re2+ 53. Kf3 Ree5 54. Rh7+ Kf6 55. Rf7+ Kg5 56. h4+ Kh6 57. Kf4 Rec5 58. e7 Rb4+ 59. Ke3 Re5+ 60. Kf3 Rbe4 61. f6 Kg6 62. Rf8 Re6 63. h5+ Kh7 64. Rf7+ Kg8 65. Rg7+ Kh8 66. Rf7 Re3+ 67. Kf4 Rb3 68. Kf5 Ree3 69. Rf8+ Kh7 70. e8Q Rxe8 71. Rxe8 Rb5+ 72. Ke6 Kh6 73. Rh8+ Kg5 74. f7 Rb6+ 75. Ke7 Rb7+ 76. Kf8 Kf6 77. Rh6+ Kg5 78. Rg6+ Kxh5 79. Re6 Rb1 80. Ke7 Rb7+ 81. Kf6 Rb8 82. Re8 Rb6+ 83. Kg7 Rb7 84. Kg8 1-0

[Event "Titled Tuesday intern op 31st Jan Late"]
[Site "Chess.com INT"]
[Date "2023.01.31"]
[Round "8"]
[White "Yedidia, Daniel"]
[Black "Alfaro Caracas, William"]
[Result "0-1"]
[WhiteElo "2069"]
[BlackElo "2134"]
[PlyCount "80"]
[EventDate "2023.01.31"]
[EventType "swiss (blitz)"]
[EventRounds "11"]
[EventCountry "USA"]
[SourceTitle "CBM 212 Extra"]
[Source "ChessBase"]
[SourceDate "2023.03.31"]
[SourceVersion "1"]
[SourceVersionDate "2023.03.31"]
[SourceQuality "1"]

1. d4 Nf6 2. c4 g6 3. Nc3 Bg7 4. e4 d6 5. Nf3 0-0 6. Be2 e5 7. Be3 Ng4 8. Bg5 f6 9. Bh4 Nc6 10. h3 Nh6 11. dxe5 dxe5 12. Qd5+ Nf7 13. 0-0-0 Qe7 14. Kb1 Be6 15. Qb5 a6 16. Qa4 Rfb8 17. Nd5 Bxd5 18. cxd5 b5 19. Qb3 Na5 20. Qc2 Nd6 21. Nd2 Bh6 22. Nb3 Nac4 23. Nc5 a5 24. Ne6 c6 25. f3 cxd5 26. exd5 Rc8 27. Qd3 a4 28. Bf2 a3 29. b3 Nb2 30. Qc2 Rxc2 31. Kxc2 Rc8+ 32. Kb1 Qd7 33. Nc5 Qc7 34. Rde1 Qb6 35. Ne4 Qc7 36. Nxf6+ Kf7 37. Bh4 Qc2+ 38. Ka1 Nf5 39. Ng4 Bd2 40. Nxe5+ Kg7 0-1

[Event "Titled Tuesday intern op 20th Dec Early"]
[Site "Chess.com INT"]
[Date "2022.12.20"]
[Round "1"]
[White "Thiel, Thomas"]
[Black "Yedidia, Daniel"]
[Result "1-0"]
[WhiteElo "2241"]
[BlackElo "2069"]
[PlyCount "81"]
[EventDate "2022.12.20"]
[EventType "swiss (blitz)"]
[EventRounds "11"]
[EventCountry "USA"]
[SourceTitle "EXT 2024"]
[Source "ChessBase"]
[SourceDate "2023.10.10"]
[SourceVersion "1"]
[SourceVersionDate "2023.10.10"]
[SourceQuality "1"]

1. e4 e5 2. Nf3 Nc6 3. d4 exd4 4. Nxd4 Nf6 5. Nxc6 bxc6 6. e5 Qe7 7. Qe2 Nd5 8. h4 a5 9. g3 Ba6 10. c4 Nb6 11. b3 a4 12. Ba3 Qe6 13. Bh3 Qh6 14. Bxf8 Qc1+ 15. Qd1 Qxd1+ 16. Kxd1 Rxf8 17. Nd2 0-0-0 18. Ne4 Kb8 19. Nc5 Bc8 20. Kc2 d6 21. exd6 cxd6 22. Nxa4 Nxa4 23. bxa4 Ba6 24. Kc3 Rfe8 25. Rhe1 Kc7 26. Bf5 h6 27. Bc2 Rb8 28. Rab1 Rbd8 29. Bd3 c5 30. Be4 Re5 31. Bd5 f6 32. f4 Ree8 33. a5 Rb8 34. Rxe8 Rxe8 35. Rb6 Bc8 36. Rc6+ Kd7 37. a6 Re3+ 38. Kb2 Re2+ 39. Ka3 Re3+ 40. Ka4 Rxg3 41. Rxc8 1-0

[Event "Titled Tuesday intern op 20th Dec Late"]
[Site "Chess.com INT"]
[Date "2022.12.20"]
[Round "5"]
[White "Yedidia, Daniel"]
[Black "Flynn, Jacob"]
[Result "1-0"]
[WhiteElo "2069"]
[BlackElo "2149"]
[PlyCount "117"]
[EventDate "2022.12.20"]
[EventType "swiss (blitz)"]
[EventRounds "11"]
[EventCountry "USA"]
[SourceTitle "EXT 2024"]
[Source "ChessBase"]
[SourceDate "2023.10.10"]
[SourceVersion "1"]
[SourceVersionDate "2023.10.10"]
[SourceQuality "1"]

1. Nf3 d5 2. c4 d4 3. e3 Nc6 4. exd4 Nxd4 5. h3 Nf6 6. d3 g6 7. Nxd4 Qxd4 8. Nc3 Bg7 9. Nb5 Qe5+ 10. Be2 c6 11. d4 Qb8 12. Nc3 0-0 13. 0-0 Bf5 14. Re1 Ne4 15. Bf3 Nxc3 16. bxc3 Qc7 17. Ba3 Rfe8 18. Qd2 Rad8 19. Rad1 Bf6 20. Qb2 Qa5 21. Bb4 Qa6 22. Be2 Qb6 23. Qa3 Qa6 24. Qxa6 bxa6 25. c5 Be6 26. a4 Bc8 27. Ba5 Rd7 28. Rb1 e5 29. Bf3 Bb7 30. Rxb7 Rxb7 31. Bxc6 Rbe7 32. Bxe8 Rxe8 33. c6 Rc8 34. dxe5 Be7 35. c7 Kf8 36. e6 fxe6 37. Rxe6 Ke8 38. Rxa6 Kd7 39. Rxa7 Bd6 40. Rb7 Kc6 41. Rb8 Rxb8 42. cxb8Q Bxb8 43. Bb4 Kd5 44. Kf1 Kc4 45. Ke2 Ba7 46. f4 h5 47. g4 Bb8 48. Kf3 hxg4+ 49. hxg4 Kd5 50. f5 gxf5 51. gxf5 Ke5 52. Kg4 Kf6 53. c4 Kf7 54. Bc3 Ba7 55. Kf3 Ke7 56. Ke4 Kd7 57. Kd5 Kc7 58. Bd4 Bb8 59. Be5+ 1-0